000 01690cam a22004218i 4500
001 18811106
003 DLC
005 20240801095513.0
008 151007s2016 nyu b 000 1 eng
010 _a 2015024643
020 _a9780892392988 (hardcover : alk. paper)
035 _a(DLC)18811106
035 _a(DLC)2015024643
040 _aDLC
_beng
_cDLC
_erda
041 _aeng
_aspa
042 _alcac
_apcc
050 0 0 _aPZ73
_b.C5735 2016
082 0 0 _a[E]
_223
100 1 _aColato Lainez, Rene
245 1 0 _aMama the alien /
_cstory, Rene Colato Lainez ; illustrations, Laura Lacamara ; Spanish translation by Rene Colato Lainez = Mama la extraterrestre / cuento, Rene Colato Lainez ; ilustraciones, Laura Lacamara.
246 3 1 _aMama la extraterrestre
250 _aFirst edition.
260 _aNew York :
_bChildren's Book Press, an imprint of Lee & Low Books Inc.,
_c[2016]
263 _a1111
264 1 _aNew York :
_bChildren's Book Press, an imprint of Lee & Low Books Inc.,
_c[2016]
300 _a1 volume (unpaged)
_c28 cm.
336 _atext
_2rdacontent
336 _astill image
_2rdacontent
337 _aunmediated
_2rdamedia
338 _avolume
_2rdacarrier
520 _a"A young girl misunderstands the word alien on her mother's Resident Alien Card and let's her imagination run wild, coming to the conclusion that her mother is from outer space. Includes author's note and glossary"--
_cProvided by publisher.
650 1 _aImmigrants
_vFiction.
650 1 _aCitizenship
_vFiction.
650 1 _aHispanic Americans
_vFiction.
650 1 _aSpanish language materials
_xBilingual.
700 1 _aLacamara, Laura,
_eillustrator.
942 _cBK
999 _c16124
_d16124